000 00505cam a22001337a 4500
008 180718b1975 xxu||||| |||| 00| 0 eng d
082 _aBo84 In7/51
100 _aIrvin, G.W.
245 _aEmployment creation, technological efficiency, and distributional judgements: a case study in road construction
_cby G.W. Irvin
260 _aThe Hague
_bInstitute of Social Studies
_c1975
300 _a31p.
440 _a(Institute of Social Studies, Occasional paper No. 51)
650 _aRoads - Construction - Iran
999 _c480155
_d480155